| 000 | 00370nam a2200145Ia 4500 | ||
|---|---|---|---|
| 008 | 191201s2013 xx 000 0 und d | ||
| 082 |
_a624.1762 _bDOE |
||
| 100 | _aDOWRICK, David | ||
| 245 | 0 | _aEarthquake Resistant Design of Structures | |
| 250 | _aRep | ||
| 260 |
_aN. Delhi _bWiley Dreautech India _c2013 |
||
| 300 | _a530 | ||
| 650 | _aB.Tech(CE) | ||
| 942 |
_2ddc _cBK |
||
| 999 |
_c5692 _d5692 |
||